| 000 | 00700na a2200253 4500 | ||
|---|---|---|---|
| 001 | 13417 | ||
| 003 | MIRAKIL | ||
| 005 | 20181213154952.0 | ||
| 008 | 161010b tu 000 0 | ||
| 020 | _a9786054938070 | ||
| 035 | _a13417 | ||
| 040 |
_aMilas _btur _cTR-AnCHP |
||
| 041 | _atur | ||
| 082 |
_a352 _bK29y 2014 |
||
| 090 | _a352 K29y 2014 | ||
| 100 | _aKaymakçıoğlu, Fatih | ||
| 245 |
_aYaşamımıza müdahale ve belediyeler _cFatih Kaymakçıoğlu |
||
| 260 |
_aAnkara _bÜrün Yayınları _c2014 |
||
| 300 |
_a216 s. _c21 sm. |
||
| 504 | _aKaynakça var. | ||
| 650 |
_aYerel yönetimler _xBelediyeler |
||
| 650 |
_aToplumsal sorunlar _xYaşam standartları |
||
| 942 |
_2ddc _cBKS |
||
| 999 |
_c4078 _d4078 |
||